=LDR 00000nam 2200000 4500 =001 INLIS000000000006325 =005 20130612094453 =008 ***********************************Ind** =035 ##$$0010-061300000006325 =041 ##$$a Ind =082 ##$$a 796.86 =090 ##$$a 796.86, Goo b =100 ##$$a Goodman, Edy =245 ##$$a Bela diri ntuk semua umur, Fay Goodman =260 ##$$a 1994 $b Jakarta =300 ##$$a viii, 90 hlm, ilus, 28 cm =650 ##$$a Bela diri =850 ##$$a NBPNMAT